000 00820nam a22002292 4500
001 0000007100
005 20151217145834.0
008 071114s xx 000 0 eng d
020 _a1403903952 :
_cKES 2250
040 _aKABU
_cKABU
100 1 _aWisker, Gina.
_@0000158148
245 1 4 _aThe Good supervisor :
_bsupervising postgraduate and undergraduate research for doctoral theses and dissertations /
_cGina Wisker.
260 _aBasingstoke, England :
_bPalgrave Macmillan,
_c2005.
300 _avii, 388 p.
650 0 _aGraduate students
_xSupervision.
_@0000158149
650 0 _aFaculty advisors.
_@0000158150
650 0 _aDissertations, Academic.
_@0000151328
650 0 _aDoctor of Philosophy degree.
_@0000158151
908 _a071114
950 _@1
999 _c3154
_d3154